[Event "Texas Collegiate Super Finals"]
[Site "Richardson"]
[Date "2022.10.22"]
[Round "2"]
[White "Escalante Ramirez, Brian Sebastian"]
[Black "Bortolussi, Francesco"]
[Result "1/2-1/2"]
[WhiteElo "2473"]
[BlackElo "1758"]
[PlyCount "100"]
[EventDate "2022.10.22"]
[EventType "swiss"]
[EventRounds "4"]
[EventCountry "USA"]
[SourceTitle "EXT 2024"]
[Source "ChessBase"]
[SourceDate "2023.10.10"]
[SourceVersion "1"]
[SourceVersionDate "2023.10.10"]
[SourceQuality "1"]

1. e4 c5 2. Nf3 d6 3. d4 cxd4 4. Nxd4 Nf6 5. Nc3 Nc6 6. g3 g6 7. Bg2 Nxd4 8. Qxd4 Bg7 9. 0-0 0-0 10. a4 Be6 11. Qd1 a6 12. Nd5 Bxd5 13. exd5 Qc7 14. Re1 Rac8 15. c3 Rfe8 16. h4 b5 17. Be3 Rb8 18. Re2 Ng4 19. Bd4 Bxd4 20. Qxd4 Ne5 21. axb5 axb5 22. Ra7 Rb7 23. Rxb7 Qxb7 24. h5 Ra8 25. Re1 Ra4 26. b4 Qa7 27. h6 Qxd4 28. cxd4 Ng4 29. Rb1 Ra8 30. Bh3 Nxh6 31. Bd7 Rb8 32. g4 f5 33. f3 fxg4 34. fxg4 Rb7 35. Bc6 Rb8 36. Bd7 Rb7 37. Bc8 Rb8 38. Rc1 Kf8 39. Be6 g5 40. Kg2 Ng8 41. Kf3 Nf6 42. Rc7 h6 43. Ra7 Ke8 44. Ke3 Kf8 45. Kd3 Ke8 46. Ke3 Kf8 47. Kd3 Ke8 48. Ra1 Kf8 49. Ra2 Kg7 50. Ra7 Kf8 1/2-1/2

[Event "Mogliano Veneto op-B 31st"]
[Site "Mogliano Veneto"]
[Date "2010.05.02"]
[Round "5"]
[White "Rossi, Gianni"]
[Black "Bortolussi, Francesco"]
[Result "1/2-1/2"]
[WhiteElo "1886"]
[BlackElo "1634"]
[PlyCount "47"]
[EventDate "2010.04.30"]
[EventType "swiss"]
[EventRounds "5"]
[EventCountry "ITA"]
[SourceTitle "EXT 2023"]
[Source "ChessBase"]
[SourceDate "2022.10.05"]
[SourceVersion "1"]
[SourceVersionDate "2022.10.05"]
[SourceQuality "1"]

1. d4 Nf6 2. f3 d5 3. e4 dxe4 4. Nc3 exf3 5. Nxf3 e6 6. Bg5 Be7 7. Bd3 c6 8. 0-0 Nbd7 9. Qe1 h6 10. Bd2 Qc7 11. Ne5 Bd6 12. Bf4 Nh5 13. Nxf7 Nxf4 14. Rxf4 Bxf4 15. Qxe6+ Kf8 16. Nxh8 Ne5 17. Ng6+ Nxg6 18. Qxg6 Be3+ 19. Kh1 Bxd4 20. Ne4 Qe5 21. Nd6 Be6 22. Rf1+ Ke7 23. Nc4 Qg5 24. Qe4 1/2-1/2

[Event "Noale Szabados Memorial-B 3rd"]
[Site "Noale"]
[Date "2010.02.06"]
[Round "3"]
[White "Bortolussi, Francesco"]
[Black "Bozzao, Francesco"]
[Result "1/2-1/2"]
[WhiteElo "1592"]
[BlackElo "1909"]
[PlyCount "47"]
[EventDate "2010.02.05"]
[EventType "swiss"]
[EventRounds "5"]
[EventCountry "ITA"]
[SourceTitle "EXT 2022"]
[Source "ChessBase"]
[SourceDate "2021.10.06"]
[SourceVersion "1"]
[SourceVersionDate "2021.10.06"]
[SourceQuality "1"]

1. d4 d5 2. c4 e6 3. Nc3 Be7 4. cxd5 exd5 5. Qc2 c6 6. Bf4 Nf6 7. e3 0-0 8. Bd3 Nbd7 9. Nge2 a6 10. 0-0 Re8 11. f3 Nf8 12. e4 dxe4 13. fxe4 Ng6 14. Bg3 Bg4 15. Rad1 Nh5 16. Bf2 Nhf4 17. h3 Nxd3 18. Rxd3 Be6 19. Bg3 Rc8 20. Qd1 Qb6 21. Bf2 Qxb2 22. d5 cxd5 23. exd5 Bd7 24. Rd2 1/2-1/2